Linguistics for students of literature (Record no. 7402)

000 -LEADER
fixed length control field 00549 a2200181 4500
020 ## - INTERNATIONAL STANDARD BOOK NUMBER
International Standard Book Number 0155510304
040 ## - CATALOGING SOURCE
Original cataloging agency DLC
Language of cataloging DLC
082 00 - DEWEY DECIMAL CLASSIFICATION NUMBER
Classification number 410
100 1# - MAIN ENTRY--PERSONAL NAME
Personal name Traugott, Elizabeth Closs.
245 10 - TITLE STATEMENT
Title Linguistics for students of literature
Statement of responsibility, etc. Elizabeth Closs Traugott, Mary Louise Pratt.
260 ## - PUBLICATION, DISTRIBUTION, ETC.
Place of publication, distribution, etc. Islamabad :
Name of publisher, distributor, etc. National Book Foundation,
Date of publication, distribution, etc. c1980.
300 ## - PHYSICAL DESCRIPTION
Extent xv, 444 p. :
Other physical details ill. ;
Dimensions 24 cm.
500 ## - GENERAL NOTE
General note Includes index.
650 #0 - SUBJECT ADDED ENTRY--TOPICAL TERM
Topical term or geographic name entry element Linguistics.
650 #0 - SUBJECT ADDED ENTRY--TOPICAL TERM
Topical term or geographic name entry element English philology.
700 1# - ADDED ENTRY--PERSONAL NAME
Personal name Pratt, Mary Louise,
Dates associated with a name 1948-
942 ## - ADDED ENTRY ELEMENTS (KOHA)
Koha item type Book
Call number prefix 410 TRA
Source of classification or shelving scheme
Holdings
Withdrawn status Lost status Damaged status Not for loan Collection code Permanent Location Current Location Shelving location Date acquired Source of acquisition Cost, normal purchase price Total Checkouts Full call number Barcode Date last seen Date last checked out Price effective from Koha item type
          Central Library (CL) Central Library (CL) General Stacks 04/29/2008 Donation 0.00 1 410 TRA SEECS009004 09/09/2020 03/14/2020 01/05/2017 Book
          Central Library (CL) Central Library (CL) General Stacks 04/29/2008 Donation 0.00   410 TRA SEECS009003 11/14/2012   01/05/2017 Book
© 2023 Central Library, National University of Sciences and Technology. All Rights Reserved.